[Event "SK Münster 4 - Schach Nienberge 2"]
[Site "Verbandsliga 2017/2018"]
[Date "2018.03.03"]
[Round "7.8"]
[White "Baumann, Eva"]
[Black "Temmen, Norbert"]
[Result "1-0"]
[WhiteElo "1665"]
[BlackElo "1650"]
[PlyCount "79"]
[EventDate "2018.??.??"]
[SourceDate "2017.09.16"]

1. e4 e6 2. d4 d5 3. Nc3 Nf6 4. e5 Nfd7 5. f4 c5 6. Nf3 Nc6 7. Be3 Qb6 8. a3
cxd4 9. Bxd4 Nxd4 10. Nxd4 Be7 11. Be2 O-O 12. Na4 Qa5+ 13. c3 Nb6 14. Nxb6
Qxb6 15. Qd2 Bd7 16. O-O Rac8 17. Kh1 Ba4 18. f5 exf5 19. Nxf5 Qe6 20. Qd4 Bc6
21. Bg4 Rc7 22. Qf4 g5 23. Qg3 Bd7 24. Bh3 Bd8 25. Rae1 h5 26. Nd4 Qg6 27. Bxd7
Rxd7 28. e6 Re7 29. Qd6 f5 30. Qxd5 f4 31. Nf3 g4 32. Nh4 Qf6 33. g3 f3 34.
Qxh5 Rg7 35. Qd5 Re7 36. Re5 Kg7 37. Rg5+ Kh7 38. Rxg4 Qxe6 39. Qd3+ Kh6 40.
Rg6+ 1-0

[Event "SK Dülmen 1 - SC Rochade Emsdetten 2"]
[Site "Verbandsliga 2017/2018"]
[Date "2018.03.03"]
[Round "7.1"]
[White "Ortmeier, Leonhard"]
[Black "Eiersbrock, Robin"]
[Result "0-1"]
[WhiteElo "1955"]
[BlackElo "1988"]
[PlyCount "46"]
[EventDate "2018.??.??"]
[SourceDate "2017.09.16"]

1. e4 c5 2. Nf3 g6 3. d4 cxd4 4. Nxd4 Bg7 5. c4 Nc6 6. Be3 Nf6 7. Nc3 O-O 8.
Be2 d6 9. O-O a5 10. f3 Bd7 11. b3 Nxd4 12. Bxd4 Bc6 13. Qd2 Nd7 14. Bxg7 Kxg7
15. Qd4+ f6 16. Rfd1 Nc5 17. f4 Qb6 18. Rab1 e5 19. Qf2 Qb4 20. Rxd6 Na4 21.
Rxc6 Nxc3 22. Rc7+ Kg8 23. Rb2 Nxe4 0-1

[Event "SK Dülmen 1 - SC Rochade Emsdetten 2"]
[Site "Verbandsliga 2017/2018"]
[Date "2018.03.03"]
[Round "7.2"]
[White "Schlütermann, Philipp"]
[Black "Delere, Adrian"]
[Result "1/2-1/2"]
[WhiteElo "1830"]
[BlackElo "1784"]
[PlyCount "82"]
[EventDate "2018.??.??"]
[SourceDate "2017.09.16"]

1. c4 f5 2. d4 Nf6 3. Nc3 g6 4. Bg5 Bg7 5. Bxf6 Bxf6 6. e4 d6 7. Nf3 Nc6 8. Be2
O-O 9. O-O e5 10. dxe5 Nxe5 11. Qb3 b6 12. Rad1 Qe8 13. exf5 Bxf5 14. Nd4 Be6
15. Rfe1 Bg7 16. Bf1 Kh8 17. Nd5 Bxd5 18. cxd5 Qf7 19. f3 Nd7 20. Ne6 Nc5 21.
Qc4 Nxe6 22. dxe6 Qe7 23. b4 Be5 24. Rxe5 dxe5 25. Rd7 Qf6 26. Qxc7 h5 27. e7
Rfe8 28. Ba6 Qh4 29. Qxe5+ Kh7 30. Bb7 Rab8 31. h3 Kh6 32. Be4 Qg5 33. Qe6 Qe3+
34. Kh2 Qg5 35. Rd6 Rg8 36. g3 h4 37. gxh4 Qxh4 38. Qe5 Qf2+ 39. Kh1 Qf1+ 40.
Kh2 Qf2+ 41. Kh1 Qf1+ 1/2-1/2

[Event "SK Dülmen 1 - SC Rochade Emsdetten 2"]
[Site "Verbandsliga 2017/2018"]
[Date "2018.03.03"]
[Round "7.4"]
[White "Nolting, Bodo"]
[Black "Hedwig, Johannes"]
[Result "1/2-1/2"]
[WhiteElo "1735"]
[BlackElo "1787"]
[PlyCount "61"]
[EventDate "2018.??.??"]
[SourceDate "2017.09.16"]

1. e4 c6 2. d4 d5 3. Nc3 dxe4 4. Nxe4 Bf5 5. Ng3 Bg6 6. Nf3 e6 7. h4 h6 8. h5
Bh7 9. Bd3 Bxd3 10. Qxd3 Nf6 11. Bd2 Nbd7 12. O-O-O Qc7 13. Qe2 O-O-O 14. Ne5
Nxe5 15. dxe5 Nd5 16. f4 Nb4 17. a3 Nd5 18. c4 Nb6 19. Ba5 Rxd1+ 20. Rxd1 f5
21. Qf2 c5 22. Ne2 Qc6 23. Nc3 Be7 24. Nb5 Kb8 25. Bxb6 axb6 26. Qc2 Rd8 27.
Rxd8+ Bxd8 28. Qa4 Qxg2 29. Qa7+ Kc8 30. Nd6+ Kd7 31. Nxb7 1/2-1/2

[Event "SK Dülmen 1 - SC Rochade Emsdetten 2"]
[Site "Verbandsliga 2017/2018"]
[Date "2018.03.03"]
[Round "7.5"]
[White "Hemmers, Dieter"]
[Black "Rebber, Christian"]
[Result "1/2-1/2"]
[WhiteElo "1816"]
[BlackElo "1861"]
[PlyCount "49"]
[EventDate "2018.??.??"]
[SourceDate "2017.09.16"]

1. e4 c6 2. d4 d5 3. exd5 cxd5 4. c4 Nc6 5. Nf3 Nf6 6. Nc3 Bg4 7. Be2 e6 8. Be3
Be7 9. O-O O-O 10. Qa4 dxc4 11. Qxc4 a6 12. Rfd1 Nd5 13. Nxd5 exd5 14. Qd3 Qd7
15. Ne5 Nxe5 16. dxe5 Bxe2 17. Qxe2 Qe6 18. Bd4 Rac8 19. Rac1 Rxc1 20. Rxc1 Rc8
21. Rxc8+ Qxc8 22. Qd1 h6 23. h3 b5 24. b3 Qf5 25. a4 1/2-1/2

[Event "SK Dülmen 1 - SC Rochade Emsdetten 2"]
[Site "Verbandsliga 2017/2018"]
[Date "2018.03.03"]
[Round "7.6"]
[White "Lödding, Detlef"]
[Black "Wissing, Philipp"]
[Result "1/2-1/2"]
[WhiteElo "1862"]
[BlackElo "1781"]
[PlyCount "194"]
[EventDate "2018.??.??"]
[SourceDate "2017.09.16"]

1. c4 Nf6 2. Nc3 g6 3. e4 d6 4. f4 Bg7 5. Nf3 Nc6 6. d4 Bg4 7. d5 Bxf3 8. gxf3
Nb8 9. Be3 Nbd7 10. Qd2 c6 11. Bh3 Qa5 12. O-O Nb6 13. b3 Nxe4 14. Nxe4 Qxd2
15. Nxd2 Bxa1 16. Rxa1 cxd5 17. Bxb6 axb6 18. cxd5 Ra5 19. Nc4 Rxd5 20. Nxb6
Rc5 21. a4 e6 22. b4 Rc3 23. b5 Kd8 24. Kf2 Kc7 25. a5 h5 26. Bf1 h4 27. Ra2
Rh5 28. Nc4 Rh8 29. Ne3 Rc5 30. a6 bxa6 31. bxa6 d5 32. Ng4 Kd6 33. Ne5 Ke7 34.
Bd3 Rb8 35. Kg2 Rc3 36. Bb5 Rxb5 37. a7 Rc8 38. a8=Q Rxa8 39. Rxa8 Rb7 40. Kh3
Kf6 41. Ra4 Kf5 42. Nc6 Rb2 43. Nd4+ Kf6 44. Ra7 Rb4 45. Ne2 Rb2 46. Ng1 Rd2
47. Kxh4 Rxh2+ 48. Kg3 Rh5 49. Nh3 e5 50. fxe5+ Rxe5 51. Nf2 Kg7 52. Rd7 d4 53.
Rxd4 Re7 54. Nd3 Kf6 55. Nc5 Rc7 56. Ne4+ Kg7 57. Nd6 Re7 58. Rf4 Rd7 59. Ne8+
Kf8 60. Nf6 Ra7 61. Kg4 Kg7 62. Ne8+ Kf8 63. Nd6 Kg7 64. Kg5 Ra5+ 65. Kg4 Ra7
66. Rd4 Re7 67. f4 Ra7 68. Kf3 Ra6 69. Nb7 Rf6 70. Kg4 Kf8 71. Rd7 Ke8 72. Rc7
Kf8 73. Nc5 Kg7 74. Nd3 Rf5 75. Ne5 Rf6 76. Ra7 Kg8 77. Rc7 Kg7 78. Rc6 Rf5 79.
Nf3 Ra5 80. Rc7 Rf5 81. Ng5 Rf6 82. Kf3 Kg8 83. Ke4 Rf5 84. Nf3 Kg7 85. Nd4 Ra5
86. Rd7 Kg8 87. Rd5 Ra7 88. Ke5 Kg7 89. Nc6 Rb7 90. Kd6 Kf6 91. Ra5 Kg7 92. Ke5
Rc7 93. Ra6 Rb7 94. Ra7 Rb5+ 95. Ke4 Rf5 96. Nd8 Kg8 97. Nc6 Kg7 1/2-1/2

[Event "SK Dülmen 1 - SC Rochade Emsdetten 2"]
[Site "Verbandsliga 2017/2018"]
[Date "2018.03.03"]
[Round "7.7"]
[White "Wehmeier, Sven"]
[Black "Tecklenborg, Georg"]
[Result "1-0"]
[WhiteElo "1768"]
[BlackElo "1810"]
[PlyCount "71"]
[EventDate "2018.??.??"]
[SourceDate "2017.09.16"]

1. e4 c5 2. Nf3 e6 3. d4 cxd4 4. Nxd4 a6 5. g3 Qc7 6. Bg2 b5 7. O-O Bb7 8. a4
b4 9. c3 Nc6 10. Nxc6 Bxc6 11. cxb4 Bxb4 12. Qd4 Bf8 13. Bf4 Qb7 14. Bd6 Bxd6
15. Qxg7 Nf6 16. Qxf6 Rg8 17. e5 Bxg2 18. exd6 Kf8 19. Rd1 Bh1 20. f3 Qxf3 21.
Qxf3 Bxf3 22. Rd4 Rb8 23. Rf4 Bc6 24. b4 Rg5 25. Nc3 f5 26. b5 Bb7 27. Rb1 e5
28. Rh4 Rc8 29. bxa6 Ba8 30. a7 f4 31. Rb8 Re8 32. Rxh7 Rg8 33. Nb5 fxg3 34.
Nc7 gxh2+ 35. Kxh2 Rg2+ 36. Kh3 1-0

[Event "SK Dülmen 1 - SC Rochade Emsdetten 2"]
[Site "Verbandsliga 2017/2018"]
[Date "2018.03.03"]
[Round "7.8"]
[White "Liebing, Ingo"]
[Black "Bilecen, Simon"]
[Result "1/2-1/2"]
[WhiteElo "1772"]
[BlackElo "1609"]
[PlyCount "53"]
[EventDate "2018.??.??"]
[SourceDate "2017.09.16"]

1. c4 c5 2. g3 Nf6 3. Bg2 g6 4. Nc3 Bg7 5. e4 Nc6 6. Nge2 d6 7. O-O O-O 8. h3
Rb8 9. d3 a6 10. f4 Nd7 11. Be3 e5 12. f5 Nd4 13. Qd2 b5 14. Nd5 Bb7 15. Rab1
Bxd5 16. cxd5 Nb6 17. Nxd4 exd4 18. Bh6 Nd7 19. Qf4 Be5 20. Qf3 Bg7 21. Bxg7
Kxg7 22. Qf4 Qf6 23. Qd2 Qe5 24. Rf3 f6 25. Rbf1 c4 26. Rc1 Rfc8 27. Qe1
1/2-1/2